[Event "45th Olympiad 2024"]
[Site "Budapest HUN"]
[Date "2024.09.12"]
[Round "2.29"]
[Board "1"]
[White "Stremavicius, Titas"]
[Black "Atabayev, Saparmyrat"]
[Result "1/2-1/2"]
[WhiteTitle "GM"]
[BlackTitle "IM"]
[WhiteElo "2527"]
[BlackElo "2516"]
[WhiteTeam "Lithuania"]
[BlackTeam "Turkmenistan"]
[WhiteFideId "12804444"]
[BlackFideId "14000571"]
[EventDate "2024.09.11"]

1. Nf3 d5 2. g3 Nf6 3. Bg2 Bg4 4. d4 Nbd7 5. c4 c6 6. h3 Bxf3 7. Bxf3 dxc4 8.
Nd2 Nb6 9. e3 e5 10. dxe5 Nfd7 11. e6 fxe6 12. Qc2 Ne5 13. Be4 Qf6 14. O-O Bc5
15. Kg2 O-O-O 16. Rb1 Bb4 17. a3 Bxd2 18. Bxd2 Nd3 19. Bc3 e5 20. Ba5 Nc5 21.
Bb4 Nxe4 22. Qxe4 Qe6 23. Rbc1 Qd5 24. Qf3 Na4 25. e4 Qe6 26. Qe2 Rd3 27. b3
Rxb3 28. Rxc4 Rd8 29. Rfc1 Kb8 30. Qc2 Rdd3 31. Rd1 Rxg3+ 32. fxg3 Rb2 33. Rd2
Rxc2 34. Rcxc2 Qg6 35. Kh2 Qxe4 36. Bd6+ Kc8 37. Re2 Qg6 38. Bxe5 Nb6 39. Rf2
Nd7 40. Bb2 Kc7 41. Rce2 Kd8 42. Rd2 Kc7 43. Rde2 Kb6 44. Re7 Qd6 45. Rxg7 Nc5
46. Rg4 Nd3 47. Rd4 Qc5 48. Re2 Nxb2 49. Rxb2+ Kc7 50. Rf4 b5 51. a4 Qc3 52.
Rfb4 a6 53. R4b3 Qe1 54. axb5 axb5 55. Rc2 b4 56. Rf3 Qe4 57. Rcf2 Kb6 58. Rf4
Qe1 59. h4 c5 60. Rf7 Kb5 61. R2f4 Qe2+ 62. Rf2 Qe4 63. R7f4 Qe1 64. Rf1 Qe6 65.
Rf6 Qa2+ 66. R1f2 Qa3 67. Rf8 Qd3 68. R2f3 Qd6 69. R3f6 Qd5 70. Rf5 Qa2+ 71. Rf2
Qa5 72. Rb8+ Kc4 73. Rf4+ Kb3 74. Rf3+ Ka4 75. Rf7 c4 76. Rxh7 c3 77. Rc8 Kb3
78. Rhc7 Qd5 79. Rc5 Qd2+ 80. Kh3 Qd7+ 81. Kg2 Qd2+ 82. Kf3 Qd3+ 83. Kf4 Qd2+
84. Kf3 Kc2 85. h5 Kd1 86. Ke4 Ke2 87. g4 Qe3+ 88. Kf5 Qd3+ 89. Kg5 Qe3+ 90. Kf5
Kf3 91. Rc4 Qd3+ 92. Kg5 Qd5+ 93. Kf6 Qd6+ 94. Kg7 Qd7+ 95. Kf6 Qd6+ 96. Kg7
Qe7+ 97. Kg6 Qe6+ 98. Kg7 c2 99. Rxc2 Qxg4+ 100. Kh6 Qe6+ 101. Kg5 Qd5+ 102. Kg6
Qd6+ 103. Kg5 Qf4+ 104. Kg6 b3 105. R2c3+ Kf2 106. h6 Qg4+ 107. Kf6 Qh5 108. Kg7
Qg5+ 109. Kh7 Qf5+ 110. Kg7 Qe5+ 111. Kg8 b2 112. Rc2+ Kg1 113. Rc1+ bxc1=Q 114.
Rxc1+ Kg2 115. h7 Qg5+ 116. Kf7 Qh6 117. Rh1 Kxh1 118. Kg8 Qxh7+ 119. Kxh7 1/2-1/2

[Event "45th Olympiad 2024"]
[Site "Budapest HUN"]
[Date "2024.09.12"]
[Round "2.29"]
[Board "2"]
[White "Annaberdiyev, Meylis"]
[Black "Pultinevicius, Paulius"]
[Result "0-1"]
[WhiteTitle "GM"]
[BlackTitle "GM"]
[WhiteElo "2431"]
[BlackElo "2587"]
[WhiteTeam "Turkmenistan"]
[BlackTeam "Lithuania"]
[WhiteFideId "14000563"]
[BlackFideId "12809390"]
[EventDate "2024.09.11"]

1. e4 c5 2. Nf3 Nc6 3. Nc3 e6 4. d4 cxd4 5. Nxd4 d6 6. Be3 Nf6 7. Be2 Be7 8. O-O
O-O 9. f4 a6 10. Qe1 Bd7 11. Qg3 Qc7 12. Kh1 b5 13. a3 Rab8 14. e5 Ne8 15. Bd3
f5 16. exf6 Nxf6 17. Nxc6 Qxc6 18. Bd4 Rf7 19. Rae1 Rbf8 20. Bxf6 Bxf6 21. Ne4
Be7 22. Ng5 Bxg5 23. Qxg5 Qb6 24. c3 Rf6 25. Rf3 h6 26. Qg3 Bc6 27. Rff1 Qb7 28.
Kg1 Qf7 29. Qe3 Bd5 30. g3 Qc7 31. Be4 Bb3 32. Bb1 a5 33. Qd3 Qc5+ 34. Rf2 g6
35. Qe3 Qxe3 36. Rxe3 g5 37. Bd3 Bc4 38. Bxc4 bxc4 39. Rfe2 Kf7 40. fxg5 hxg5
41. Re4 d5 42. Rg4 Rf5 43. h4 Rg8 44. Kg2 a4 45. Re1 Kf6 46. hxg5+ Rfxg5 47.
Rf1+ Ke7 48. Rxg5 Rxg5 49. Rh1 Rg8 50. Rh7+ Kd6 51. Rb7 e5 52. Rb4 Ra8 53. Kf3
Kc5 54. Ke3 d4+ 55. cxd4+ exd4+ 56. Kd2 Kd5 57. g4 Rh8 58. Rxa4 Ke4 59. Rxc4
Rh2+ 60. Kc1 Ke3 61. b4 d3 62. Rc3 Ke2 63. Kb2 d2 64. Rc2 Kd3 65. Rxd2+ Rxd2+
66. Kb3 Kd4 0-1

[Event "45th Olympiad 2024"]
[Site "Budapest HUN"]
[Date "2024.09.12"]
[Round "2.29"]
[Board "3"]
[White "Laurusas, Tomas"]
[Black "Hommadov, Amanmuhammet"]
[Result "1-0"]
[WhiteTitle "GM"]
[WhiteElo "2569"]
[BlackElo "2181"]
[WhiteTeam "Lithuania"]
[BlackTeam "Turkmenistan"]
[WhiteFideId "12803731"]
[BlackFideId "14005514"]
[EventDate "2024.09.11"]

1. d4 Nf6 2. c4 g6 3. Nc3 Bg7 4. e4 O-O 5. Nf3 d6 6. Bd3 Bg4 7. Be2 Bxf3 8. Bxf3
Nfd7 9. Be3 Nb6 10. Be2 Nc6 11. O-O Na5 12. b3 c5 13. Rc1 cxd4 14. Bxd4 Bh6 15.
f4 e5 16. Be3 Bxf4 17. Bxf4 exf4 18. Rxf4 Nc6 19. Qd2 Qe7 20. Kh1 Rad8 21. Rcf1
f6 22. Bd3 Kg7 23. Rh4 Rd7 24. Bb1 Qe5 25. Nd5 Kg8 26. Rhf4 Rdf7 27. Qf2 Kg7 28.
Rf3 Nc8 29. Rh3 Kh8 30. Rd1 Re8 31. Rf3 Kg7 32. b4 N8e7 33. a3 a5 34. Nc7 Rd8
35. b5 Rc8 36. Qb6 Nd4 37. Qxd4 Rxc7 38. Qb6 Nc8 39. Qxa5 Rfe7 40. Bd3 Qd4 41.
h3 Qc5 42. Qc3 Re6 43. Bf1 Nb6 44. Rd4 Nd7 45. Rd5 Qa7 46. Qb4 Ne5 47. b6 1-0

[Event "45th Olympiad 2024"]
[Site "Budapest HUN"]
[Date "2024.09.12"]
[Round "2.29"]
[Board "4"]
[White "Shirliyev, Allayar"]
[Black "Pidluznij, Gleb"]
[Result "0-1"]
[BlackTitle "FM"]
[WhiteElo "2200"]
[BlackElo "2425"]
[WhiteTeam "Turkmenistan"]
[BlackTeam "Lithuania"]
[WhiteFideId "14004160"]
[BlackFideId "12817082"]
[EventDate "2024.09.11"]

1. e4 e5 2. Nf3 Nc6 3. Bc4 Nf6 4. Ng5 d5 5. exd5 Na5 6. Bb5+ c6 7. dxc6 bxc6 8.
Qf3 Be7 9. Bd3 O-O 10. Nc3 h6 11. Nge4 Nxe4 12. Qxe4 f5 13. Qe2 Bd6 14. b3 c5
15. Bc4+ Nxc4 16. Qxc4+ Kh7 17. Bb2 Bb7 18. Rg1 e4 19. g3 Be5 20. O-O-O Bd4 21.
Rgf1 Qf6 22. Qa4 Ba6 23. Rh1 Rfd8 24. h4 Qb6 25. Rh2 Rd6 26. Re1 Rad8 27. Qa3 c4
28. Na4 Bxb2+ 29. Qxb2 Qb4 30. c3 Qa5 31. f4 exf3 32. Qa3 Rg6 33. Qc5 Qxc5 34.
Nxc5 cxb3 35. axb3 Be2 36. Rg1 h5 37. d4 f4 38. Ne4 Rg4 39. Rxe2 fxe2 40. Kd2
fxg3 41. Ng5+ Rxg5 42. hxg5 Re8 43. Ke1 h4 44. Rh1 Re4 45. Rg1 Kg6 46. d5 Kxg5
47. d6 Re6 48. d7 Rd6 49. Kxe2 Rxd7 50. Rc1 Kg4 51. Kf1 h3 52. c4 h2 0-1

[Event "45th Olympiad 2024"]
[Site "Budapest HUN"]
[Date "2024.09.12"]
[Round "2.30"]
[Board "1"]
[White "Zambrana, Osvaldo"]
[Black "Bjerre, Jonas Buhl"]
[Result "0-1"]
[WhiteTitle "GM"]
[BlackTitle "GM"]
[WhiteElo "2405"]
[BlackElo "2648"]
[WhiteTeam "Bolivia"]
[BlackTeam "Denmark"]
[WhiteFideId "3300200"]
[BlackFideId "1444948"]
[EventDate "2024.09.11"]

1. e4 e5 2. Nf3 Nc6 3. Bc4 Bc5 4. O-O Nf6 5. d3 d6 6. c3 a6 7. a4 Ba7 8. Be3
Bxe3 9. fxe3 Ne7 10. Nbd2 Ng6 11. a5 O-O 12. Qe1 c6 13. Ba2 d5 14. exd5 cxd5 15.
e4 Be6 16. exd5 Bxd5 17. Bc4 Re8 18. Qd1 b5 19. Bxd5 Qxd5 20. Ne4 Nxe4 21. dxe4
Qxe4 22. Qb3 Ra7 23. Rae1 Qg4 24. Kh1 Rd7 25. Nd4 Nf4 26. Qc2 f6 27. Re3 Red8
28. Rg3 Qh5 29. h3 Qf7 30. Nf5 Qc4 31. Rf2 Nd3 32. Re2 g6 33. Rg4 Nf4 34. Rf2
Kh8 35. Nh6 Qe6 36. Rg3 f5 37. Kh2 Nd3 38. Rf1 e4 39. Qd2 f4 40. Rg5 Qe7 41. h4
Rf8 42. Qe2 Qg7 43. Ng4 h6 0-1

[Event "45th Olympiad 2024"]
[Site "Budapest HUN"]
[Date "2024.09.12"]
[Round "2.30"]
[Board "2"]
[White "Andersen, Mads"]
[Black "Gemy, Jose Daniel"]
[Result "1/2-1/2"]
[WhiteTitle "GM"]
[BlackTitle "IM"]
[WhiteElo "2598"]
[BlackElo "2315"]
[WhiteTeam "Denmark"]
[BlackTeam "Bolivia"]
[WhiteFideId "1413864"]
[BlackFideId "3301478"]
[EventDate "2024.09.11"]

1. e4 e5 2. Nf3 Nc6 3. Bb5 Nf6 4. d3 Bc5 5. Bxc6 dxc6 6. Nbd2 Be6 7. O-O Qd6 8.
b3 Nd7 9. Ng5 f6 10. Nxe6 Qxe6 11. Nc4 Nb6 12. Na5 O-O-O 13. Qe1 g5 14. b4 Be7
15. a4 h5 16. Be3 f5 17. exf5 Qxf5 18. Bxb6 cxb6 19. Nc4 Rhe8 20. f3 g4 21. Rb1
gxf3 22. Rxf3 Qg4 23. Kh1 Bh4 24. Qf1 Bg5 25. Re1 e4 26. h3 Qd7 27. Rf7 Qd5 28.
Rf5 Qg8 29. Rxe4 Rxe4 30. dxe4 Be7 31. c3 h4 32. Rf7 Rd1 33. Qxd1 Qxf7 34. Nd6+
Bxd6 35. Qxd6 Qf1+ 36. Kh2 Qe1 37. Qf8+ Kd7 38. Qf7+ Kd8 39. Qf8+ Kd7 40. Qf7+
Kd8 41. Qf4 Kd7 42. c4 a5 43. b5 Ke6 44. e5 Kd7 45. Qf7+ Kd8 46. Qf8+ Kc7 47.
Qd6+ Kc8 48. Qf8+ Kc7 49. Qd6+ Kc8 50. e6 c5 51. Qf8+ Kc7 52. Qf4+ Kc8 53. Qf8+
Kc7 54. Qg7+ Kb8 55. e7 Ka7 56. Qg5 Qe4 57. Kg1 Qe1+ 58. Kh2 Qe4 59. e8=N Qxe8
60. Qxh4 Qe5+ 61. Qg3 Qd4 62. Qg4 Qe5+ 63. Qg3 Qd4 64. h4 Qxc4 65. h5 Qd5 66.
Qg6 c4 67. h6 Qd3 68. Qxd3 cxd3 69. h7 d2 70. h8=Q d1=Q 71. Qh4 Qd6+ 72. g3 Qd2+
73. Kh3 Qd7+ 74. Qg4 Qh7+ 75. Kg2 Qc2+ 76. Kf1 Qc1+ 77. Ke2 Qc2+ 78. Ke1 Qc1+
79. Kf2 Qc2+ 80. Kg1 Qc1+ 81. Kg2 Qc2+ 82. Kh3 Qh7+ 83. Qh4 Qf5+ 84. Kg2 Qc2+
85. Kf3 Qb3+ 86. Ke2 Qc2+ 87. Ke3 Qb3+ 88. Kd2 Qb2+ 89. Ke3 Qb3+ 90. Ke2 Qc2+
91. Kf3 Qb3+ 92. Kg2 Qc2+ 93. Kh3 Qf5+ 94. Kg2 1/2-1/2

[Event "45th Olympiad 2024"]
[Site "Budapest HUN"]
[Date "2024.09.12"]
[Round "2.30"]
[Board "3"]
[White "Ticona Rocabado, Licael Roderick"]
[Black "Thybo, Jesper Sondergaard"]
[Result "1/2-1/2"]
[WhiteTitle "IM"]
[BlackTitle "GM"]
[WhiteElo "2321"]
[BlackElo "2555"]
[WhiteTeam "Bolivia"]
[BlackTeam "Denmark"]
[WhiteFideId "3319113"]
[BlackFideId "1438832"]
[EventDate "2024.09.11"]

1. d4 Nf6 2. c4 e6 3. Nf3 d5 4. e3 Be7 5. b3 O-O 6. Bd3 c5 7. O-O cxd4 8. exd4
b6 9. Nc3 Bb7 10. Bb2 Nc6 11. cxd5 Nxd5 12. Nxd5 Qxd5 13. Bc4 Qf5 14. Ne5 Nxe5
15. dxe5 Qg5 16. g3 Rfd8 17. Qe2 Rd2 18. Bc1 Rad8 19. Ba6 Qf5 20. Bxd2 Bf3 21.
Qe3 Bc5 22. Qf4 Rxd2 23. Qxf5 exf5 24. Bc4 g6 25. a4 a5 26. Rac1 Kf8 27. Rc3 Be4
28. e6 fxe6 29. Bxe6 Bd3 30. Rxd3 Rxd3 31. Kh1 Rd2 32. f4 Ke7 33. Bg8 Kf6 34.
Bc4 h6 35. Re1 g5 36. Re6+ Kg7 37. h4 gxf4 38. gxf4 Rf2 39. h5 Rxf4 40. Rg6+ Kh7
41. Kg2 Rh4 42. Be2 Rf4 43. Bd3 Rf2+ 44. Kg3 f4+ 45. Kg4 Rg2+ 46. Kxf4 Rxg6 47.
Bxg6+ 1/2-1/2

[Event "45th Olympiad 2024"]
[Site "Budapest HUN"]
[Date "2024.09.12"]
[Round "2.30"]
[Board "4"]
[White "Olsen, Filip Boe"]
[Black "Pinto, Daniel"]
[Result "1/2-1/2"]
[WhiteTitle "IM"]
[BlackTitle "FM"]
[WhiteElo "2441"]
[BlackElo "2273"]
[WhiteTeam "Denmark"]
[BlackTeam "Bolivia"]
[WhiteFideId "1440640"]
[BlackFideId "3303144"]
[EventDate "2024.09.11"]

1. d4 Nf6 2. c4 c6 3. Nf3 d5 4. e3 Bf5 5. Bd3 Bxd3 6. Qxd3 dxc4 7. Qxc4 Qa5+ 8.
Nc3 Qa6 9. Ne5 e6 10. a3 Be7 11. b4 O-O 12. O-O Qxc4 13. Nxc4 b6 14. e4 Nbd7 15.
Bf4 c5 16. dxc5 bxc5 17. b5 Nh5 18. Rfd1 Nb6 19. Nxb6 axb6 20. Bd6 Bxd6 21. Rxd6
Rfb8 22. a4 Nf6 23. f3 Kf8 24. Rad1 Rb7 25. Rd8+ Rxd8 26. Rxd8+ Ke7 27. Ra8 Nd7
28. f4 h6 29. Kf1 g5 30. g3 Kf6 31. Ke2 gxf4 32. gxf4 Rc7 33. Ra6 Kg6 34. Kd3
Kh5 35. e5 Kg4 36. Ke3 c4 37. Ra8 f6 38. Rg8+ Kh3 39. Rg6 fxe5 40. Rxh6+ Kg4 41.
fxe5 Nc5 42. Rf6 Kh3 43. Rf4 Nd3 44. Rd4 Nxe5 45. Rd6 Rd7 46. Rxe6 Rd3+ 47. Ke4
Nf3 48. Rh6+ Kg4 49. Rxb6 Rd4+ 50. Ke3 Rd3+ 51. Ke4 Rxc3 52. Rg6+ Ng5+ 53. Kd4
Rc1 54. b6 Kf5 55. b7 Rb1 56. Rg8 Rxb7 57. Kxc4 Ne6 1/2-1/2

[Event "45th Olympiad 2024"]
[Site "Budapest HUN"]
[Date "2024.09.12"]
[Round "2.31"]
[Board "1"]
[White "Dragnev, Valentin"]
[Black "Salem, A.R. Saleh"]
[Result "1/2-1/2"]
[WhiteTitle "GM"]
[BlackTitle "GM"]
[WhiteElo "2556"]
[BlackElo "2631"]
[WhiteTeam "Austria"]
[BlackTeam "United Arab Emirates"]
[WhiteFideId "1634852"]
[BlackFideId "9301348"]
[EventDate "2024.09.11"]

1. e4 c5 2. Nf3 d6 3. Bb5+ Nd7 4. O-O a6 5. Bxd7+ Bxd7 6. c3 Nf6 7. Re1 e6 8. d4
Be7 9. dxc5 dxc5 10. e5 Nd5 11. c4 Nb6 12. Qe2 Bc6 13. Nc3 Qc7 14. b3 O-O 15.
Bf4 Rad8 16. Ng5 Rd4 17. Qh5 Bxg5 18. Bxg5 Nd7 19. Be7 f5 20. Bxf8 Nxf8 21. Qe2
Ng6 22. f3 Nf4 23. Qe3 Qd8 24. Rad1 Qg5 25. g3 Nh3+ 26. Kg2 Qh5 27. Ne2 f4 28.
Qc3 Ng5 29. Ng1 Qg6 30. Rxd4 cxd4 31. Qxd4 Qc2+ 32. Qf2 Qf5 33. Qe2 h5 34. Rf1
h4 35. gxh4 Qg4+ 36. Kh1 Qxh4 37. Qg2 Qh5 38. h3 Nf7 39. Ne2 Qxe5 40. Qf2 Ng5
41. Ng1 Qf6 42. Kh2 e5 1/2-1/2

[Event "45th Olympiad 2024"]
[Site "Budapest HUN"]
[Date "2024.09.12"]
[Round "2.31"]
[Board "2"]
[White "Al Hosani, Omran"]
[Black "Horvath, Dominik"]
[Result "1/2-1/2"]
[WhiteTitle "IM"]
[BlackTitle "GM"]
[WhiteElo "2241"]
[BlackElo "2559"]
[WhiteTeam "United Arab Emirates"]
[BlackTeam "Austria"]
[WhiteFideId "9308733"]
[BlackFideId "1642561"]
[EventDate "2024.09.11"]

1. d4 Nf6 2. c4 g6 3. Nc3 d5 4. cxd5 Nxd5 5. e4 Nxc3 6. bxc3 Bg7 7. Nf3 c5 8.
Rb1 O-O 9. Be2 cxd4 10. cxd4 Qa5+ 11. Bd2 Qxa2 12. O-O b6 13. Qc1 Qe6 14. Bc4
Qxe4 15. Bxf7+ Rxf7 16. Qxc8+ Rf8 17. Qc4+ e6 18. Rb5 Re8 19. h4 Nd7 20. Re1
Rac8 21. Qf1 Qc6 22. Rc1 Qd6 23. h5 Bxd4 24. hxg6 hxg6 25. Rd1 Bg7 26. Bb4 Qc6
27. Rg5 Nf8 28. Bxf8 Kxf8 29. Rxg6 Red8 30. Re1 Qc4 31. Ng5 Qxf1+ 32. Kxf1 Bc3
33. Rexe6 Rd1+ 34. Ke2 Re1+ 35. Kd3 Rxe6 36. Rxe6 b5 37. Ke4 1/2-1/2

[Event "45th Olympiad 2024"]
[Site "Budapest HUN"]
[Date "2024.09.12"]
[Round "2.31"]
[Board "3"]
[White "Blohberger, Felix"]
[Black "Ammar, Sedrani"]
[Result "1-0"]
[WhiteTitle "GM"]
[BlackTitle "FM"]
[WhiteElo "2520"]
[BlackElo "2226"]
[WhiteTeam "Austria"]
[BlackTeam "United Arab Emirates"]
[WhiteFideId "1632051"]
[BlackFideId "9312331"]
[EventDate "2024.09.11"]

1. Nf3 d5 2. g3 Nf6 3. Bg2 e6 4. O-O Be7 5. c4 O-O 6. b3 b6 7. Bb2 Bb7 8. cxd5
exd5 9. d4 Re8 10. Nc3 Nbd7 11. Rc1 a6 12. e3 Bd6 13. Ne2 c6 14. Nf4 Qc7 15. Rc2
Rad8 16. Qc1 Qb8 17. Nd3 Ne4 18. Rd1 Qa8 19. Nfe5 Nxe5 20. dxe5 Bf8 21. f3 Ng5
22. h4 Ne6 23. f4 c5 24. f5 Nc7 25. Nf4 d4 26. exd4 Bxg2 27. Rxg2 Nd5 28. Kh2
cxd4 29. Bxd4 Nxf4 30. Qxf4 Rd5 31. Rf1 Bc5 32. Bb2 Qd8 33. e6 f6 34. b4 Be7 35.
Rff2 Qd6 36. a3 Qxf4 37. Rxf4 Red8 38. h5 b5 39. Rf3 Kf8 40. Rgf2 Rc8 41. Kg2 h6
42. Rc3 Rxc3 43. Bxc3 Ke8 44. g4 Rd3 45. Rf3 Rd1 46. Kf2 Bd8 47. Rg3 Rb1 48. Ke2
Rc1 49. Bd4 Rc2+ 50. Kd3 Ra2 51. Ke4 Re2+ 52. Re3 Rg2 53. Bc5 Rxg4+ 54. Kd5 Be7
55. Kc6 Rg5 56. Rd3 Rxf5 57. Rd7 Bxc5 58. bxc5 1-0

[Event "45th Olympiad 2024"]
[Site "Budapest HUN"]
[Date "2024.09.12"]
[Round "2.31"]
[Board "4"]
[White "Ahmed, Fareed"]
[Black "Baidetskyi, Valentin"]
[Result "1/2-1/2"]
[WhiteTitle "FM"]
[BlackTitle "IM"]
[WhiteElo "2061"]
[BlackElo "2512"]
[WhiteTeam "United Arab Emirates"]
[BlackTeam "Austria"]
[WhiteFideId "9303677"]
[BlackFideId "14142317"]
[EventDate "2024.09.11"]

1. e4 e5 2. Nf3 Nc6 3. Bb5 a6 4. Ba4 Nf6 5. O-O d6 6. Re1 Bd7 7. c3 g6 8. d4 Bg7
9. dxe5 Nxe5 10. Nxe5 dxe5 11. Bg5 b5 12. Bb3 h6 13. Bh4 O-O 14. Nd2 Qe8 15. Nf1
Be6 16. f3 Nd7 17. Ne3 Rc8 18. Bxe6 Qxe6 19. Qb3 Rfe8 20. Red1 Nc5 21. Qxe6 Rxe6
22. Rd2 Bf8 23. Rad1 c6 24. b3 h5 25. Kf1 Ree8 26. Bf6 Re6 27. Bh4 f6 28. Rd8
Rxd8 29. Rxd8 Kf7 30. Ke2 Be7 31. Rd1 Ke8 32. Bf2 Bf8 33. Nc2 Nb7 34. Nb4 a5 35.
Nd3 f5 36. Re1 Bd6 37. Kd2 Kf7 38. exf5 gxf5 39. Bg3 e4 40. Nf4 Rh6 41. Nh3 exf3
42. gxf3 Be7 43. Bf4 Rg6 44. Rg1 Rxg1 45. Nxg1 Nc5 46. Ne2 Ne6 47. Be5 Bg5+ 48.
f4 Bd8 49. Ke3 Bb6+ 50. Nd4 Ke7 51. Kd3 Bxd4 52. cxd4 Kd7 53. a4 Nc7 54. Ke3
Nd5+ 55. Kf3 Ke6 56. Kg3 Kf7 57. Kh4 Kg6 58. Bd6 Kh6 59. Bf8+ Kg6 60. Bd6 bxa4
61. bxa4 Nb6 62. Bc7 Nxa4 63. Bxa5 Nb2 64. Bc7 Nd1 65. Bd6 Nc3 66. Bc7 Nd5 67.
Be5 Ne3 68. Bc7 Nf1 69. h3 Nd2 70. Be5 Nc4 71. Kg3 Nb6 72. Kh4 Nd5 73. Kg3 Nc3
74. Kf3 Ne4 75. Ke3 Kf7 76. Bb8 Ke6 77. Be5 Kd5 78. Bg7 Kc4 79. Be5 Kd5 80. Bg7
Kc4 81. Be5 Nc3 82. Kf3 Ne4 83. Ke3 Nc3 84. Kf3 Kd3 85. Kg3 Ne2+ 86. Kh4 Ng1 87.
Kg5 Nxh3+ 88. Kxf5 Ke3 89. Kg6 Nxf4+ 90. Kg5 Ne6+ 91. Kxh5 Nxd4 92. Bd6 Nf5 93.
Bc5+ Ke4 94. Kg4 Kd5 95. Ba7 Nd6 96. Kf3 c5 97. Bxc5 1/2-1/2

[Event "45th Olympiad 2024"]
[Site "Budapest HUN"]
[Date "2024.09.12"]
[Round "2.32"]
[Board "1"]
[White "Duran Vega, Sergio"]
[Black "Mchedlishvili, Mikheil"]
[Result "0-1"]
[WhiteTitle "IM"]
[BlackTitle "GM"]
[WhiteElo "2308"]
[BlackElo "2574"]
[WhiteTeam "Costa Rica"]
[BlackTeam "Georgia"]
[WhiteFideId "6501311"]
[BlackFideId "13600966"]
[EventDate "2024.09.11"]

1. c4 e5 2. g3 Nf6 3. Bg2 d5 4. cxd5 Nxd5 5. Nf3 Nc6 6. O-O Nb6 7. Nc3 Be7 8. d3
O-O 9. Be3 Bg4 10. a4 a5 11. Rc1 Bb4 12. Nb5 Nd5 13. Bc5 Re8 14. Nd2 Bxc5 15.
Bxd5 Qxd5 16. Nxc7 Qd7 17. Nxe8 Bb4 18. Nxg7 Kxg7 19. f3 Be6 20. Kh1 Rd8 21. Ne4
Qe7 22. g4 Nd4 23. Rg1 Bd5 24. Ng3 Qg5 25. Qf1 Kh8 26. Ne4 Qe3 27. Rg2 Ne6 28.
Ng3 Qg5 29. Nf5 Bc6 30. h4 Qf6 31. Rh2 Nd4 32. Ng3 Qf4 33. Ne4 f5 34. gxf5 Nxf5
35. Rxc6 bxc6 36. Rg2 Ne3 0-1

[Event "45th Olympiad 2024"]
[Site "Budapest HUN"]
[Date "2024.09.12"]
[Round "2.32"]
[Board "2"]
[White "Kacharava, Nikolozi"]
[Black "Valdes Romero, Leonardo"]
[Result "1-0"]
[WhiteTitle "GM"]
[BlackTitle "IM"]
[WhiteElo "2511"]
[BlackElo "2347"]
[WhiteTeam "Georgia"]
[BlackTeam "Costa Rica"]
[WhiteFideId "13611860"]
[BlackFideId "6500331"]
[EventDate "2024.09.11"]

1. e4 e5 2. Nf3 Nf6 3. Nxe5 d6 4. Nf3 Nxe4 5. d4 d5 6. Bd3 Nc6 7. O-O Be7 8.
Nbd2 Bf5 9. Re1 Nxd2 10. Qxd2 Bxd3 11. Qxd3 O-O 12. c3 Qd7 13. Bf4 a6 14. Re2 b5
15. a4 Rab8 16. axb5 axb5 17. h4 h6 18. h5 Rfc8 19. Ra6 Bf8 20. Bg3 b4 21. c4 b3
22. Qc3 Ne7 23. Ra5 Re8 24. Ra7 Rec8 25. c5 Qb5 26. Re1 Rb7 27. Rxb7 Qxb7 28.
Ne5 f6 29. Ng6 Nxg6 30. hxg6 Rb8 31. Qe3 Qc6 32. Qe6+ Qxe6 33. Rxe6 Rc8 34. Re3
f5 35. Rxb3 Be7 36. Rb7 Bd8 37. Be5 1-0

[Event "45th Olympiad 2024"]
[Site "Budapest HUN"]
[Date "2024.09.12"]
[Round "2.32"]
[Board "3"]
[White "Jimenez Garcia, Emmanuel"]
[Black "Paichadze, Luka"]
[Result "0-1"]
[WhiteTitle "IM"]
[BlackTitle "GM"]
[WhiteElo "2352"]
[BlackElo "2516"]
[WhiteTeam "Costa Rica"]
[BlackTeam "Georgia"]
[WhiteFideId "6504779"]
[BlackFideId "13602934"]
[EventDate "2024.09.11"]

1. Nf3 Nf6 2. c4 e6 3. g3 d5 4. Bg2 d4 5. e3 c5 6. O-O Nc6 7. exd4 cxd4 8. d3
Bd6 9. Bg5 h6 10. Bxf6 Qxf6 11. Nbd2 Qe7 12. Re1 O-O 13. a3 a5 14. Nb3 Qf6 15.
Nfd2 Bc7 16. Rb1 e5 17. Nc5 Qe7 18. b4 axb4 19. axb4 Nxb4 20. Rxb4 Qxc5 21. Rb5
Qa7 22. Nb3 Qb8 23. Bd5 Ra3 24. Qf3 b6 25. Kg2 Ba6 26. Rb4 Qd8 27. Nd2 Kh8 28.
Rb3 Ra2 29. Qd1 b5 30. Nf3 bxc4 31. dxc4 Qf6 32. Qc1 Bc8 33. Ra3 Rxa3 34. Qxa3
Kg8 35. Qc5 Bd6 36. Qb5 Bf5 37. Nxe5 Bxe5 38. Rxe5 d3 39. Bf3 Be6 40. Re3 d2 41.
Rd3 Rd8 42. Qb3 Bh3+ 0-1

[Event "45th Olympiad 2024"]
[Site "Budapest HUN"]
[Date "2024.09.12"]
[Round "2.32"]
[Board "4"]
[White "Jobava, Baadur"]
[Black "Cabezas Solano, David Alejandro"]
[Result "1-0"]
[WhiteTitle "GM"]
[BlackTitle "FM"]
[WhiteElo "2582"]
[BlackElo "2248"]
[WhiteTeam "Georgia"]
[BlackTeam "Costa Rica"]
[WhiteFideId "13601520"]
[BlackFideId "6507522"]
[EventDate "2024.09.11"]

1. d4 Nf6 2. Nc3 d5 3. Bf4 e6 4. Nb5 Na6 5. e3 Be7 6. Nf3 O-O 7. h4 c6 8. Nc3
Qa5 9. Nd2 c5 10. Nb3 Qb6 11. a4 cxd4 12. a5 Qd8 13. exd4 Bd7 14. Bxa6 bxa6 15.
h5 h6 16. O-O Qc8 17. Re1 Bb5 18. Re3 Bc4 19. Nd2 Kh8 20. Rg3 Qd8 21. Nxc4 dxc4
22. Be5 Bd6 23. Qf3 Rb8 24. Rb1 Bxe5 25. dxe5 Nh7 26. Qg4 Rg8 27. Ne4 f5 28.
exf6 Nxf6 29. Nxf6 Qxf6 30. Qxc4 Rxb2 31. Re1 Rb5 32. Rg6 Qf5 33. g4 Qd5 34. Qf4
Kh7 35. c4 Rb4 36. Qf7 Qd3 37. Rexe6 Rb1+ 38. Kh2 1-0

[Event "45th Olympiad 2024"]
[Site "Budapest HUN"]
[Date "2024.09.12"]
[Round "2.33"]
[Board "1"]
[White "Peralta, Fernando"]
[Black "Xie, Felix"]
[Result "1-0"]
[WhiteTitle "GM"]
[BlackTitle "FM"]
[WhiteElo "2558"]
[BlackElo "2320"]
[WhiteTeam "Argentina"]
[BlackTeam "New Zealand"]
[WhiteFideId "105309"]
[BlackFideId "4308174"]
[EventDate "2024.09.11"]

1. d4 Nf6 2. c4 e6 3. Nc3 Bb4 4. e3 O-O 5. Bd3 c5 6. Ne2 d5 7. cxd5 cxd4 8. exd4
Nxd5 9. a3 Ba5 10. Bb1 Nc6 11. Qd3 f5 12. O-O Nce7 13. Ba2 Bc7 14. Re1 b6 15.
Bg5 h6 16. Bxd5 exd5 17. Bxe7 Qxe7 18. Nxd5 Qd6 19. Nxc7 Qxc7 20. d5 Bb7 21. d6
Qc6 22. Nf4 Rad8 23. Qb3+ Kh7 24. Rac1 Rfe8 25. Qf7 Rxe1+ 26. Rxe1 Rxd6 27.
Qxf5+ Kg8 28. f3 Qc5+ 29. Qxc5 bxc5 30. Ne6 c4 31. Nc5 Bc6 32. Ne4 Bxe4 33. Rxe4
Rc6 34. Kf1 Kf7 35. Ke1 Rb6 36. Rxc4 Rxb2 37. Kf1 Rb7 38. Rc6 a5 39. Rc5 Ra7 40.
a4 Ke6 41. h4 Kf6 42. h5 Ra6 43. Kf2 Ke6 44. Rb5 Kf6 45. g4 Ke6 46. Ke3 Kf6 47.
Kd4 g6 48. hxg6 Kxg6 49. Ke4 Ra8 50. Kf4 Rf8+ 51. Kg3 Ra8 52. f4 Ra6 53. Kh4 Kf6
54. Kh5 Kg7 55. Rb7+ Kg8 56. f5 Kh8 57. Re7 1-0